Giáo trình Hán ngữ. t.I, Quyển 1 /

Bewaard in:
Bibliografische gegevens
Andere auteurs: Lê Khắc Kiều Lục (biên dịch.), Trương Văn Giới (biên dịch.)
Formaat: Sách giấy
Taal:Vietnamese
Gepubliceerd in: H. : Khoa học Xã hội, 2004.
Onderwerpen:
Tags: Voeg label toe
Geen labels, Wees de eerste die dit record labelt!
Thư viện lưu trữ: Thư viện Trường Đại học Đà Lạt
LEADER 00969nam a2200349 4500
001 DLU110120780
005 ##20110419
040 # # |a DLU  |b vie 
041 # # |a vie 
044 # # |a vn 
082 # # |a 495.18  |b Gia 
245 # # |a Giáo trình Hán ngữ.  |n t.I,  |p Quyển 1 /  |c Trương Văn Giới, Lê Khắc Kiều Lục biên dịch. 
260 # # |a H. :  |b Khoa học Xã hội,  |c 2004. 
300 # # |a 208 tr. ;  |c 21 cm. 
546 # # |a Tài liệu viết bằng tiếng Trung Quốc 
546 # # |a Tài liệu viết bằng tiếng Việt 
653 # # |a Giáo trình 
653 # # |a Tiếng Trung Quốc 
700 # # |a Lê Khắc Kiều Lục,  |e biên dịch. 
700 # # |a Trương Văn Giới,  |e biên dịch. 
923 # # |a 01/2011NN 
990 # # |a t.I,a 
991 # # |a GT 
992 # # |a 16000 
994 # # |a KNN 
900 # # |a True 
911 # # |a Đào Thị Thu Huyền 
925 # # |a G 
926 # # |a A 
927 # # |a SH 
980 # # |a Thư viện Trường Đại học Đà Lạt